Movies Quiz

Random Movies or Famous Quiz
Score 0/20 Timer 05:00
29 Plays Today
% Correct
Jack Black - The School of Rock
95.1%
Pierce Brosnan - GoldenEye
93.1%
Christian Bale - The Dark Knight
92.2%
John Belushi - The Blues Brothers
90.8%
Marlon Brando - The Godfather
90.4%
Adrien Brody - The Pianist
89.3%
Halle Berry - X-Men: The Last Stand
88%
Jeff Bridges - The Big Lebowski
87.4%
Cate Blanchett - Elizabeth
86.9%
Sean Bean - The Lord of the Rings
85.9%
% Correct
Drew Barrymore - Charlie's Angels
85.3%
Kevin Bacon - Apollo 13
85.2%
Humphrey Bogart -
The Maltese Falcon
84%
Steve Buscemi - Fargo
82.6%
Mel Brooks - Spaceballs
81.3%
Sandra Bullock - Gravity
80.6%
Alec Baldwin -
The Hunt for Red October
78.1%
Lauren Bacall - The Big Sleep
76.1%
Ingrid Bergman - Casablanca
74.8%
Joan Bennett - Scarlet Street
64.2%
Remove Ads.
Support Sporcle.
Get the best of Sporcle when you Go Orange. This ad-free experience offers more features, more stats, and more fun while also helping to support Sporcle. Thank you for becoming a member.

You're not logged in!

Compare scores with friends on all Sporcle quizzes.
OR
Log In

Show Comments

Extras

Top Quizzes Today


Score Distribution

Your Account Isn't Verified!

In order to create a playlist on Sporcle, you need to verify the email address you used during registration. Go to your Sporcle Settings to finish the process.

Report this User

Report this user for behavior that violates our Community Guidelines.

Details: